| 000 | 00576nam a2200217Ia 4500 | ||
|---|---|---|---|
| 999 |
_c23295 _d23295 |
||
| 003 | 0100 | ||
| 005 | 20170823144638.0 | ||
| 008 | 130303s9999 xx 000 0 und d | ||
| 020 | _a0887060110 | ||
| 040 | _cARRUPELIB | ||
| 050 | _aB929.V47 1985 | ||
| 100 |
_aVerene, Donald Phillip _935091 |
||
| 245 | _aHegel's reconciliation | ||
| 245 | _ba study of images in the phenomenology of spirit | ||
| 260 |
_bState University of New York Press _aAlbany _c1985 |
||
| 300 | _axiii | ||
| 300 | _b 148p. 23 cm. | ||
| 440 |
_aSUNY series in Hegelian studies _921061 |
||
| 600 |
_aHegel, Georg Wilhelm Friedrich _y1770-1831 _935092 |
||
| 650 |
_aPHILOSOPHY _935093 |
||
| 650 |
_aSpirit Conscience Truth. _xMetaphor. Irony. Imagination _935094 |
||
| 942 |
_2lcc _cMONOGRAPH |
||